En el cielo las estrellas : los versos de la abuela /

Guardado en:
Autor Principal: Longo, Alejandra
Otros Autores: Harrington Villaverde, Clara; il.
Formato: Libro
Publicado: Buenos Aires : Kumquat, 2012
Edición:1a. reimp.
Series:Colección de la abuela
Materias:
Etiquetas: Agregar Etiqueta
Sin Etiquetas, Sea el primero en etiquetar este registro!
LEADER 01002nam a22002775a 4500
001 CEM.cems015396
008 130507s2012##################000#0#####d
005 20250604143435.0
245 1 0 |a En el cielo las estrellas :  |b los versos de la abuela /  |c Alejandra Longo ; ilustrado Por Clara Harrington Villaverde 
250 |a 1a. reimp. 
260 |a Buenos Aires :  |b Kumquat,  |c 2012 
300 |a 24 p. 
490 1 |a Colección de la abuela 
020 |a 9789879846018 
100 1 |a Longo, Alejandra 
700 1 |a Harrington Villaverde, Clara; il. 
082 0 4 |a A861.4 
653 |a Literatura 
653 |a Literatura argentina 
653 |a Literatura infantil 
653 |a Poesía 
653 |a Poesía infantil 
653 |a Colección ciencias de la educación 
859 |a CEMS  |b BIB. CEMS - Ccias. Educacion  |h A861.4  |i L864  |k CE  |p 28769.19  |t Ej.1 
859 |a CEMS  |b BIB. CEMS - Inicial y Primaria  |h A861.4  |i L864  |k IP  |p 3865  |t Ej.1 
859 |a CEMS  |b BIB. CEMS - Ccias. Educacion  |h A861.4  |i L864  |k CE  |p 28770.19  |t Ej.2